| 000 | 00408nam a2200145Ia 4500 | ||
|---|---|---|---|
| 008 | 200619s9999 xx 000 0 und d | ||
| 020 | _a0-618-27391-3 | ||
| 100 | _aKreitner, Robert | ||
| 245 |
_cRobert Kreitner.-- _aManagement/ |
||
| 250 | _a9th ed. | ||
| 260 |
_aNew York : _bHoughton Mifflin Company _c2004 |
||
| 300 | _axxv, 596 pages | ||
| 500 | _aIncludes Reference, and Index | ||
| 650 | _aManagement | ||
| 999 |
_c363727 _d363727 |
||